000 00536nam a22001817a 4500
005 20250924163314.0
008 250924b |||||||| |||| 00| 0 eng d
040 _aMAIN
082 _a796.01
_bR258C
100 _aReena
245 _aComparative study of government and non government sports academies of Haryana
260 _bDepartment of Physical Education, M D University, Rohtak
_c2024
300 _aviii, 163
650 _aPhysical Education
650 _aSports Academies
700 _aRathee, Bhagat Singh
942 _cTH
999 _c393540
_d393540